00396nam a2200145Ia 4500082002100000100001600021245003500037260004400072300001500116504002600131650001800157650003300175650002500208700001700233 aRR 305.403 VER-I aVerma, H.N. 0aIndian women: through the ages aNew DelhibGreat Indian publicationsc0 avii, 203p. aIncludes bibliography aWomen - India aWomen - Sociological aspects aWomen - Dictionaries aVerma, Amrit